clickback ball knowledge 2 - Statistics

General Stats
  • This quiz has been taken 3 times
  • The average score is 10 of 24
Answer Stats
Hint Answer % Correct
"Heart to Heart" is a song sung by whom? (released in 2019) Mac Demarco
100%
What does ODM stand for in the previous question? Omni-directional mobility
100%
Where would you find Manchu Picchu? Peru
100%
How many confirmed titan kills does Eren Yeager have using ODM gear? 1
67%
How many sales must an album achieve to be certified platinum? 1 million
67%
What rapper is known for their whistle on tracks like "Pardon Me" Future
67%
What ancient civalization is likely responible with the creation of Manchu Picchu? Inca
67%
Who made the previous album? Michael Jackson
67%
What album has the highest net sales of all time? (globally) Thriller
67%
what is the name of the principle that explains how the shape of airplane wings create lift? Bernoulli's principle
33%
Who is killed by Voldemort at the end of Goblet of Fire? Cedric Diggory
33%
Who is the King in the North? Jon Snow
33%
What potion does a golden carrot produce? Night vision
33%
There are three forms of fencing, name 1. Sabre, epee, foil
33%
what is the word that refers to a solid turning directly into a gas? Sublimation
33%
What item is used in a brewing stand to create a potion of swiftness? Sugar
33%
According to IMDb's movie rankings, what is the second most highly rated film oat? The Godfather
33%
Who was known for announcing their proximity to the main cast by giving them nosebleeds in the show The Boys? Victoria Newman
33%
What is the name of the character who bring Voldemort back to life before the previous event occurs? Wormtail / Peter Pettigrew
33%
What is the term used to describe the upward arching portion of a ski that is typically under the mounting region? Camber
0%
The length of that portion of the ski is called what? Effective Edge
0%
In the Batman comics, Ra's al Ghul seems to be able to escape death using what? Lazarus Pit
0%
Who is the previous song about? Mac Miller
0%
The portion of the ski that is not part of the previous answer is called what? (the upward arching portion at the tip and tail of ski) Rocker
0%
No matching quizzes found
Score Distribution
Percent of People with Each Score
Percentile by Number Answered
Your Score History
You have not taken this quiz